00475nam a2200157Ia 4500100001600000650001200016942000700028366000900035245002400044260002400068082002000092300000800112546001200120999001700132952016800149 aLaxman/R.K  aFiction cBK f17.5 aCommon man at large bPenquin booksc2004 a808.83/LAXbLAX a186 aENGLISH c28710d28710 001040708CRCaCRCEbCRCEd2023-03-17eEducational books and periodicalsg165.00i258 dt 27/04/2009l0o808.83/LAX LAXp19583r2023-03-17v200.00w0000-00-00yBK